Quizzes
Events
Quiz Creation
Community
Videos
Private Events
Remove Ads
Sign In
Join for FREE
Feedback
Dark Mode
Quiz Categories
Sports
Geography
Music
Movies
Television
Just For Fun
Miscellaneous
History
Literature
Language
Science
Gaming
Entertainment
Religion
Holiday
For Kids
Quiz Lab
Recent
Popular Today
Quiz Kudos Today
Editor Picks
Curator Picks
Quizzes by...
Day
Popularity
Type
Ratings
Length
Year
Community
Subscriptions
Recent Discussions
Orange Saloon
Badges
Playlists
Quests
Create
Leaderboards
Showdown
Live 5
Trivia Bingo
Activity
Puzzle Library
Sporcle Events
Private Events
Virtual Trivia
Globe League
Become a Host
Pub Owners
SporcleCon
Opinionation
Our Games
Videos
Blog
Mobile Apps
Partnerships
Remove Ads and Go Orange
Feedback
Entertainment
Celebrity
Famous
Musical
Broadway
Show
Quote
Comic Books
Anime
Superhero
DC Comics
Marvel
Cartoons
Animation
Entertainment
Celebrity
Famous
Musical
Broadway
Show
Quote
Comic Books
Anime
Superhero
DC Comics
Marvel
Cartoons
Animation
Random Quiz
Search Sporcle
×
Quiz Lab
Quiz Lab
Entertainment
race
Type in answers that appear in a list
Type in answers that appear in a list
Classic
Best Score? Go Orange.
How well do you know RuPaul's Drag Race? Stats
Do you know your drag race herstory
By
sophiee1806
7m
29 Questions
1,785 Plays
1,785 Plays
1,785 Plays
Comments
Comments
Give Quiz Kudos
Give Quiz Kudos
-
- Ratings
hide this ad
Forced Order
Answers have to be entered in order
Answers have to be entered in order
Random Order
Randomize order of answers
Randomize order of answers
Replay
Link that replays current quiz
Next Quiz
Link to next quiz in quiz playlist
You Got
0%
They Got
Avg Score
67%
Avg Friend Score
Upgrade to see
Score Distribution
Jump to the score distribution portion of the page
Score
0/29
Timer
07:00
0
Plays Today
Hint
Answer
% Correct
who came back in a box
shangela
87.3%
name of the friendship group in season 5
rolaskatox
85%
kicked off the show
willam
82.7%
how many times did coco lip sync
4
82.5%
who came back after being eliminated in season 7
trixie mattel
80.5%
first queen to sashay away in drag race herstory
victoria
79.9%
aussie royalty
courtney act
79.6%
played britney in snatch game
tatianna
78.4%
season 3 group formed by 4 queens
the heathers
77.5%
which queen talks to chickens
miss fame
77.5%
i feel very attacked right now
laganja estranja
77%
meatiest tuck of season 7
katya
75.1%
first winner to never lip sync
tyra sanchez
74.8%
season 2 miss congeniality
pandora boxx
71.7%
who is polish remover
adore delano
69.4%
Hint
Answer
% Correct
who won the first challenge in season 6
ben dela creme
67.6%
100th queen
derrick barry
67.5%
season 3 miss congeniality
yara sofia
66.3%
who got picked up during a lip sync
india ferrah
66.2%
season 6 theme song
sissy that walk
65.9%
rolodex of hate
bianca del rio
65.7%
season 5 rivalry
coco and alyssa
64.6%
first to go on season 7
tempest dujour
63.9%
who went home in The Bitch Ball in season 4
latrice royale
60.4%
dip into the waters of....
darienne lake
56.6%
rap song the season 6 queens made
oh no she better don't
53.2%
who did jaidynn diore fierce send home first
Kandy Ho
52.2%
season 3 theme song
main event
14.5%
hows your head?
haven't had any complaints yet
11%
Quiz Playlist
Details
Report
Send in Message
Add To Playlist
Classic:
Type in answers that appear in a list
Forced Order:
Answers have to be entered in order
Random Order:
Randomize order of answers
Last Updated: Jun 3, 2017
Quiz Scoreboard
CHALLENGE
Sign Up to Join the Scoreboard
Show All
Scores
Hide
Comments
May contain spoilers
Recently Published
An Introduction to Baseball
by treessimontrees
Sports
5m
Movies - When Are They Set?
by FPL_Elf
Movies
5m
Popular People in 1961
by mucciniale
History
6m
More to Explore
Quiz From the Vault
Featured Blog Post
Where Did the Easter Bunny Come From?
hide this ad
You Might Also Like...
Tags
Drag
race
Rupaul's Drag Race
Today's Top Quizzes in Entertainment
Browse Entertainment
hide this ad
Today's Top Quizzes in race
Browse race
Top Contributed Quizzes in Entertainment
1
7-to-1: DC Comics Villains
2
Kamen Rider Motifs
3
Dragon Ball Z: Goku's Fights in Order
4
Marvel Characters Bunker
5
Eurovision 2023 Logic Puzzle
6
Dragon Ball Z: Mega Character Search
7
Criteria Quickie: Cartoon Taxonomy II
8
Fictional Villains Letter U Blitz
9
Sorting Pictures: Villains
10
Who Wants to Be a Millionaire: Anime Edition
Explore More
Trending Topics
Anime
Kpop
NBA
Crossword
Disney
Marvel
Harry Potter
NFL
Soccer
WWE
Country
Puzzle
Pokémon
Song
The Office
hide this ad
More By:
sophiee1806
Quiz
Plays
Rating
Category
Featured
Created
how well do you know RuPaul's Drag Race?
1,785
1.40
Entertainment
Apr 14, 2016
RuPauls Drag Race Quotes 1-8
745
2.67
Entertainment
Jun 7, 2016
Go to Creator's Profile
Score Distribution
Quiz Creator Spotlight
sophiee1806
Follow
Send a Message
Quizzes Created
-
Created Quiz Play Count
-
More By This Creator
Popular Quizzes Today
1
Find the Countries of Europe - No Outlines Minefield
2
Find the US States - No Outlines Minefield
3
The Countries of the World
4
Popular People in 1961
5
Find the US States
6
US States
7
1-10 Letter E Words III
8
Risky Map Clicking: Biggest States A-Z
More Entertainment Quizzes
Dragon Ball Z: Female Characters
Quiz Lab
Trending Quizzes
Risky Map Clicking: Least Populous States A-Z
1-10 Letter F Words
1-10 Letter G Words
One Thing in Common: United Kingdom
Risky Map Clicking: Next State Alphabetically
Recently Updated
Leaping Animals
pecheneg
Reality TV Shows (A-Z)
bhenderson79
Rickey Henderson's Hall of Fame Teammates
pecheneg
Champions League XIs: Arsenal
pecheneg
Quick Pick: Celebrities in WWE's Hall of Fame
aduchscher
A-Z Keypad Blitz II
pecheneg
Multiple Oscar Actors
pecheneg
Mystery Phrase Blitz: Oscar 'Best Actors'
pecheneg
F. Scott Fitzgerald Novels
LTH
Pick 3 Villains
ddd62291
Trending Topics
NBA
Anime
Disney
Crossword
Kpop
Marvel
Harry Potter
Pokémon
The Office
Soccer
NFL
WWE
Puzzle
Song
Country
Your Account Isn't Verified!
In order to create a playlist on Sporcle, you need to verify the email address you used during registration. Go to your
Sporcle Settings
to finish the process.
Report this User
Report this user for behavior that violates our
Community Guidelines
.
Details:
Send Report
Go to the Sporcle.com Mobile Site →
Comments